Online Catalogue and eLibrary

Theory and Cultural Value (Record no. 1044)

MARC details
000 -LEADER
fixed length control field 00467nam a2200193Ia 4500
005 - DATE AND TIME OF LATEST TRANSACTION
control field 20250317031524.0
008 - FIXED-LENGTH DATA ELEMENTS--GENERAL INFORMATION
fixed length control field 240331s9999 xx 000 0 und d
020 ## - INTERNATIONAL STANDARD BOOK NUMBER
ISBN 0631182829
082 ## - DDC Classification
Class No. 301
Item Number - Author Mark CON
DDC Edition Number 986
100 ## - MAIN ENTRY--PERSONAL NAME
Personal name Connor, S
245 #0 - TITLE STATEMENT
Title Theory and Cultural Value
260 ## - PUBLICATION, DISTRIBUTION, ETC.
Place of publication, distribution, etc. Oxford;
-- Cambridge,
Name of publisher, distributor, etc. Blackwell Publishers
Date of publication, distribution, etc. 1992
300 ## - PHYSICAL DESCRIPTION
Extent (e.g. Volumes, Pages etc.) x, 275 p.,
650 ## - SUBJECT ADDED ENTRY--TOPICAL TERM
Topical term or geographic name entry element Culture
650 ## - SUBJECT ADDED ENTRY--TOPICAL TERM
Topical term or geographic name entry element Feminism
650 ## - SUBJECT ADDED ENTRY--TOPICAL TERM
Topical term or geographic name entry element Economics
650 ## - SUBJECT ADDED ENTRY--TOPICAL TERM
Topical term or geographic name entry element Ethics
942 ## - Koha item type (Biblio)
Koha item type Books in Stacks (Lending)
Holdings
Lost status Damaged status Collection code Home library Current library Shelving location Date acquired Full call number Accession Number Item type
    Lending WERC Library WERC Library Social Science Cupboard 03/31/2024 301 CON 986 Books in Stacks (Lending)

© WERC Library